The Volcanic Seven Summits Of The World - Statistics

General Stats
  • This quiz has been taken 24 times
  • The average score is 2 of 7
Answer Stats
Elevation Volcano % Correct
19,341 Kilimanjaro
78%
18,510 Elbrus
50%
18,406 Damavand
28%
22,615 Ojos del Salado
28%
18,491 Pico de Orizaba
17%
14,331 Mount Giluwe
6%
14,058 Mount Sidley
6%
No matching quizzes found
Score Distribution
Percent of People with Each Score
Percentile by Number Answered
Your Score History
You have not taken this quiz